Viviendo a toda: jóvenes, territorios culturales y nuevas sensibilidades. IV parte: Educación y culturas mass mediáticas /

El texto intenta dar cuenta de los mecanismos que pone en funcionamiento el discurso televisivo con relación a los programas organizados alrededor de los juegos. La conexión que se puede establecer con los sistemas educativos es un aspecto al que se le asignará especial interés. DOC/LCL

Kaydedildi:
Detaylı Bibliyografya
Yazar: Cubides C, Humberto J
Diğer Yazarlar: Laverde Toscano, María Cristina, Valderrama H, Carlos Eduardo
Materyal Türü: Bilinmiyor
Baskı/Yayın Bilgisi: Santa Fé de Bogotá: Siglo del Hombre Editores. Universidad Central. Departamento de Investigaciones
Konular:
Etiketler: Etiketle
Etiket eklenmemiş, İlk siz ekleyin!

MARC

LEADER 00000 a2200000 04500
001 12084
003
008 991231s d
040
020 |a [sin ISBN]  
022 |a [sin ISBN]  
090 |a 141815  
100 |a Cubides C, Humberto J  
245 |a Viviendo a toda: jóvenes, territorios culturales y nuevas sensibilidades. IV parte: Educación y culturas mass mediáticas /  |c Humberto J. Cubides C. 
260 |a Santa Fé de Bogotá:   |b Siglo del Hombre Editores. Universidad Central. Departamento de Investigaciones  
300 |a xiii, 326 p.  
520 |a El texto intenta dar cuenta de los mecanismos que pone en funcionamiento el discurso televisivo con relación a los programas organizados alrededor de los juegos. La conexión que se puede establecer con los sistemas educativos es un aspecto al que se le asignará especial interés. DOC/LCL  
650 |a JUVENTUD  
650 |a TELEVISION  
650 |a CULTURA  
650 |a PUBLICIDAD  
650 |a MEDIOS DE COMUNICACION  
700 |a Laverde Toscano, María Cristina  
700 |a Valderrama H, Carlos Eduardo  
999 |c 13695  |d 13695